000 00544nam a2200181Ia 4500
003 GCL
008 140319s9999 xx 000 0 ara d
040 _aGCL /
_cGCL
082 0 4 _a812.9
_bا م
100 1 _aابراهيم هلال العاسى
245 1 0 _aمسرحية كوابيس /
_cابراهيم هلال العاسى
700 1 _aمحمد مهدى غالى
300 _a199 ص
490 _aاشراقات ادبية
_v0
650 0 4 _aالمسرح العربى
650 0 4 _aالمسرحيات العربية
942 _2ddc
_cBK
999 _c37599
_d37599